[Event "Continental de las Americas"]
[Site "Buenos Aires"]
[Date "2005.08.13"]
[Round "8.55"]
[White "Soares, Joaquim"]
[Black "Saladen, Rafael"]
[Result "0-1"]
[WhiteElo "2000"]
[BlackElo "2229"]
[PlyCount "102"]
[EventDate "2005.08.06"]

1. e4 c5 2. Nf3 d6 3. d4 cxd4 4. Nxd4 Nf6 5. Nc3 Nc6 6. Bg5 e6 7. Qd2 a6 8. f3
Bd7 9. O-O-O h6 10. Be3 b5 11. Bd3 Ne5 12. Kb1 b4 13. Nce2 Nxd3 14. cxd3 e5 15.
Nb3 a5 16. d4 a4 17. Nbc1 b3 18. a3 Rc8 19. Nc3 exd4 20. Qxd4 Qa5 21. N1e2 Qa6
22. Qb6 Qxb6 23. Bxb6 Be7 24. Rd4 O-O 25. Rhd1 Rc6 26. Ba5 Rfc8 27. Bb4 Ne8 28.
Nd5 Bf8 29. Nec3 f5 30. Ne3 fxe4 31. fxe4 Be6 32. Nxa4 g6 33. Nc3 Bg7 34. R4d2
Rd8 35. Ned5 Rd7 36. Rf2 Be5 37. Rdf1 Kg7 38. Rf8 Rf7 39. R8xf7+ Bxf7 40. h3
Nc7 41. Rc1 Na6 42. Nb5 Nc5 43. Bxc5 dxc5 44. a4 g5 45. Ne7 Ra6 46. Nf5+ Kf6
47. Rxc5 Rxa4 48. Nxh6 Be6 49. Nc3 Bxc3 50. bxc3 Rxe4 51. Ng4+ Kg6 0-1

[Event "Continental de las Americas"]
[Site "Buenos Aires"]
[Date "2005.08.13"]
[Round "8.74"]
[White "Diaz, Genara"]
[Black "Negri, Santiago"]
[Result "0-1"]
[WhiteElo "2000"]
[BlackElo "2104"]
[PlyCount "97"]
[EventDate "2005.08.06"]

1. d4 Nf6 2. c4 c5 3. e3 e6 4. Nc3 cxd4 5. exd4 d5 6. Nf3 Bb4 7. Bd2 O-O 8. a3
Bxc3 9. Bxc3 dxc4 10. Bxc4 b6 11. O-O Bb7 12. Re1 Nbd7 13. Qd3 Nd5 14. Bd2 Qf6
15. Bg5 Qg6 16. Qxg6 hxg6 17. Rac1 Rfc8 18. Bd2 Nf8 19. Bb3 f6 20. h3 Kf7 21.
Rxc8 Rxc8 22. Rc1 Rxc1+ 23. Bxc1 g5 24. Kf1 Ng6 25. Bxd5 Bxd5 26. Ke2 Bxf3+ 27.
Kxf3 Nh4+ 28. Kg3 Nf5+ 29. Kf3 Nxd4+ 30. Ke4 Nf5 31. Bd2 Nh4 32. g3 Ng6 33. Bb4
Ke8 34. Kd4 Kd7 35. Kc4 Kc6 36. Kd4 a5 37. Bc3 Ne7 38. Kc4 Nc8 39. Kd4 Nd6 40.
Bd2 e5+ 41. Kd3 Kd5 42. Be3 Nc4 43. Bc1 a4 44. Kc3 Kc5 45. Kd3 g4 46. Ke4 Nd6+
47. Kd3 Nf5 48. Kc3 Nd4 49. Be3 0-1